Contratación administrativa bajo la ley de compras
Saved in:
| Hovedforfatter: | |
|---|---|
| Andre forfattere: | |
| Format: | Bog |
| Sprog: | spansk |
| Udgivet: |
Santiago
Legal Publishing
2008
|
| Udgivelse: | 1a. ed |
| Fag: | |
| Tags: |
Tilføj Tag
Ingen Tags, Vær først til at tagge denne postø!
|
MARC
| LEADER | 00000nam a2200000 a 4500 | ||
|---|---|---|---|
| 001 | UCI8804 | ||
| 003 | CL-VaPUC | ||
| 008 | 081002e20080000CL |||||||||||||||||spa|d | ||
| 020 | |a 9789562387859 | ||
| 082 | 0 | 4 | |a 342.8302 |b BAR |2 21 |
| 100 | 0 | |a Barra Gallardo, Nancy |e author |9 532411 | |
| 700 | |a Celis Danzinger, Gabriel |e autor |9 248 | ||
| 245 | 1 | 0 | |a Contratación administrativa bajo la ley de compras |
| 250 | |a 1a. ed | ||
| 300 | |a 177 p | ||
| 942 | |c BK | ||
| 945 | |d 20081002 00:00:00 |a jtorresc | ||
| 260 | |a Santiago |b Legal Publishing |c 2008 | ||
| 650 | 0 | |a Derecho administrativo |9 254851 | |
| 650 | 0 | |a Contratación administrativa |9 532413 | |
| 650 | 0 | |a Función administrativa |9 384495 | |
| 583 | |a last modification |c 20150910 03:59:46 |k Rodrigo Vera | ||
| 999 | |c 331575 |d 331573 | ||
| 952 | |0 0 |1 0 |4 0 |6 342_830200000000000_BAR_2008 |7 0 |8 A |9 418337 |a BIBDER |b BIBDER |d 2019-11-22 |i 4485238 |o 342.8302 BAR 2008 |p 4485238 |r 2023-01-25 |w 2019-11-22 |y BK |k DER | ||